| 000 | 00515nam a2200205Ia 4500 | ||
|---|---|---|---|
| 008 | 160319s9999 xx 000 0 und d | ||
| 020 | _a971-821-036-9 | ||
| 050 | _aFIL QA 551 | ||
| 050 | _b.I23 2002 c.2 | ||
| 100 | _aIbañez, Edwin D. | ||
| 245 | _aAnalytic geometry / | ||
| 245 | _cEdwin D. Ibañez. | ||
| 260 | _aValenzuela City: | ||
| 260 | _bMega-Jesta Prinrs. Inc., | ||
| 260 | _c2002 | ||
| 300 | _a206 pages : | ||
| 300 | _billustrations ; | ||
| 300 | _c25 cm. | ||
| 650 | _aGeometry, Analytic. | ||
| 999 |
_c291841 _d291841 |
||